Pensées de J. Joubert (Registro nro. 86003)

Detalles MARC
000 -ENCABEZADO
Número de control [NR] 00632nam a22001937a 4500
008 - DE LONGITUD FIJA DE DATOS DE ELEMENTOS - INFORMACIÓN GENERAL
Elementos de longitud fija [NR] 130821s1920 fr gr fre
040 ## - FUENTE DE CATALOGACION [NR]
Agencia de catalogación original [NR] Co-BoUCM
Idioma de catalogación [NR] spa
041 00 - CODIGO DE IDIOMA [R]
Código de idioma para texto/pista de sonido o título separado [R] Francés
100 ## - ASIENTO PRINCIPAL--NOMBRE PERSONAL [NR]
Nombre personal [NR] Joubert, Joseph,1754-1824
ID Autoridad 149716
245 00 - MENCION DE TITULO [NR]
Título [NR] Pensées de J. Joubert
Mención de responsabilidad, etc. [NR] J. Joubert
260 ## - PUBLICACION, DISTRIBUCION, ETC. (PIE DE IMPRENTA) [R]
Lugar de publicación, distribución, etc. [R] París (Francia)
Nombre del editor, distribuidor, etc. [R] Librairie Académique Perrín
Fecha de publicación, distribución, etc. [R] 1920
300 ## - DESCRIPCION FISICA [R]
Extensión [R] 435 páginas
500 ## - NOTA GENERAL [R]
Nota general [NR] Incluye índice y apéndice
600 ## - ASIENTO SECUNDARIO DE MATERIA - NOMBRE PERSONAL [R]
Nombre personal [NR] Castro Silva
9 (RLIN) 563
650 04 - ASIENTO SECUNDARIO DE MATERIA - TERMINO TEMATICO [R]
Término temático o nombre geográfico como elemento de entrada [NR] Aforismos y apotegmas
9 (RLIN) 8669
650 04 - ASIENTO SECUNDARIO DE MATERIA - TERMINO TEMATICO [R]
Término temático o nombre geográfico como elemento de entrada [NR] Citas, máximas, etc.
9 (RLIN) 10945
942 ## - ELEMENTOS DE ENTRADA AGREGADOS (KOHA)
Tipo de ítem principal el descrito en 300a Libro
Tema principal Literatura
Edición 1
Parte restante de la signatura top. J68
Título oculto en OPAC No
Sistema de clasificación DEWEY
Clasificación 808.882
Existencias
Signatura topográfica Código de barras Última vez visto Ejemplar Price effective from Tipo de ítem Perdido Sistema de clasificación Dañado No prestable Tipo de ítem específico Suprimido Ubicación habitual Ubicación actual Localización Fecha de creación Forma de adquisición Costo
FCS 808.882 J68 120001487 09/07/2012 Ej.1 03/02/2013 Libro   DEWEY     Fondos especiales     Archivo Histórico Archivo histórico 28/02/2003 Donación 1000.00